logo

Bir Sreshtho Munshi Abdur Rouf Library
Jhenaidah Cadet College

প্রাচীন ও মধ্যযুগের পাশ্চাত্য দর্শন / (Record no. 5026)

MARC details
000 -LEADER
fixed length control field 00688nam a2200217 a 4500
001 - CONTROL NUMBER
JCCL Control Number 5026
003 - CONTROL NUMBER IDENTIFIER
JCCL marc code BD-JhCC
005 - DATE AND TIME OF LATEST TRANSACTION
control field 20171207095315.0
008 - FIXED-LENGTH DATA ELEMENTS--GENERAL INFORMATION
fixed length control field 171207s1978 bg |||| || | 001 0 ben d
035 ## - SYSTEM CONTROL NUMBER
system control number (BD-JhCC)5026
040 ## - CATALOGING SOURCE
Original cataloging agency BD-JhCC
Modifying agency BD-JhCC
041 ## - LANGUAGE CODE
Language code of Book eng
082 ## - DEWEY DECIMAL CLASSIFICATION NUMBER
Classification number 182.09
Author mark and Year ISL 1978
100 ## - MAIN ENTRY--PERSONAL NAME
Personal name ইসলাম, আমিনুল
245 ## - TITLE STATEMENT
Title প্রাচীন ও মধ্যযুগের পাশ্চাত্য দর্শন /
Statement of responsibility, etc আমিনুল ইসলাম,
260 ## - PUBLICATION, DISTRIBUTION, ETC. (IMPRINT)
Place of publication, distribution, etc ঢাকা :
Name of publisher, distributor, etc বাংলা একাডেমী,
Date of publication, distribution, etc 1978.
300 ## - PHYSICAL DESCRIPTION
Pagination 532 p. :
Dimensions 22 cm.
650 ## - SUBJECT ADDED ENTRY--TOPICAL TERM
Topical term or geographic name as entry element Western Philosophy
942 ## - ADDED ENTRY ELEMENTS (KOHA)
Source of classification or shelving scheme Dewey Decimal Classification
Koha item type Books
Holdings
Source of classification or shelving scheme Damaged status Not for loan Home library Current library Shelving location Date of accession Cost, normal purchase price Total Checkouts Full call number Barcode Date last seen Copy number Koha item type
Dewey Decimal Classification     JCC Rouf Library JCC Rouf Library General Stacks 12/07/2017 40.00   182.09 ISL 1978 6233 12/07/2017 C-1 Books

JCC Library | Contacts | JCC Home

Last Update on 23 September 2017
Copyright @ 2017-2020 JCC Rouf Library
Rouf Library, Jhenidah Cadet College (JCC), Bangladesh